| 000 | 00479nam a22001697a 4500 | ||
|---|---|---|---|
| 003 | 0 | ||
| 005 | 20231222081715.0 | ||
| 008 | 231222b xxu||||| |||| 00| 0 eng d | ||
| 020 | _a978-0-72328-191-7 | ||
| 050 |
_aTR _bLa158 2014 |
||
| 082 |
_aTR _bLa158 2014 |
||
| 245 | _aLadybird tales : jack and the beanstalk | ||
| 260 |
_aLondon _bLadybird Books Ltd. _cc2014. |
||
| 300 |
_a42 pages : _bcolored illustrations ; _c20cm. |
||
| 650 | _aChildrens stories. | ||
| 942 |
_2ddc _cBK |
||
| 999 |
_c365772 _d365772 |
||